000 00416cam a2200169ua 4500
020 _c99.00
041 _aeng
_h
082 _a005.369
_bCOW/AB
100 _aCowart, Robert .
245 _aABC`s of microsoft access /
_cRobert Cowart.
_hTextual Documents
260 _aNew Delhi :
_bB P B Publishers ,
_c1994.
300 _a297 ; .
365 _a99.00
504 _a
942 _cBK
999 _c9718
_d9718